Rudolph Valentino Filmography - Statistics

General Stats
  • This quiz has been taken 5 times
  • The average score is 9 of 37
Answer Stats
Type Year Name % Correct
Film 1921 The Sheik
80%
Film 1921 Camille
60%
Film 1921 The Four Horsemen of the Apocalypse
60%
Film 1917 Alimony
40%
Film 1916 Seventeen
40%
Film 1926 The Son of the Sheik
40%
Film 1918 All Night
20%
Film 1920 An Adventuress
20%
Film 1919 A Rogue's Romance
20%
Film 1924 A Sainted Devil
20%
Film 1918 A Society Sensation
20%
Film 1922 Beyond the Rocks
20%
Film 1922 Blood and Sand
20%
Film 1925 Cobra
20%
Film 1919 Eyes of Youth
20%
Film 1924 Monsieur Beaucaire
20%
Film 1922 Moran of the Lady Letty
20%
Film 1914 My Official Wife
20%
Film 1919 Nobody Home
20%
Film 1920 Once to Every Woman
20%
Film 1920 Passion's Playground
20%
Film 1917 Patria
20%
Film 1920 Stolen Moments
20%
Film 1914 The Battle of the Sexes
20%
Film 1919 The Big Little Person
20%
Film 1920 The Cheater
20%
Film 1921 The Conquering Power
20%
Film 1919 The Delicious Little Devil
20%
Film 1925 The Eagle
20%
Film 1916 The Foolish Virgin
20%
Film 1919 The Homebreaker
20%
Film 1918 The Married Virgin
20%
Film 1916 The Quest of Life
20%
Film 1920 The Wonderful Chance
20%
Film 1922 The Young Rajah
20%
Film 1921 Uncharted Seas
20%
Film 1919 Virtuous Sinners
20%
No matching quizzes found
Score Distribution
Percent of People with Each Score
Percentile by Number Answered
Your Score History
You have not taken this quiz